| 000 | 00576nam a22001937a 4500 | ||
|---|---|---|---|
| 005 | 20250519101340.0 | ||
| 008 | 250519b |||||||| |||| 00| 0 eng d | ||
| 040 | _cDO | ||
| 245 | _aGrizzly cornered! | ||
| 250 | _aJuly 2001 Vol. 200 No. 1 | ||
| 490 | _aNational Geographic | ||
| 520 | _aGrizzlies, Marco Polo's Voyage Home, Urban Sprawl, Cuba's Golden Past, Monhegan Island, Kingdom of Aksum, Delacroix | ||
| 650 | _xGRIZZLIES | ||
| 650 | _xMARCO POLO PART III | ||
| 650 | _xURBAN SPRAWL | ||
| 650 | _xCUBA | ||
| 650 | _xTHE LIVING LEGACY OF AKSUM | ||
| 942 |
_2ddc _cCR |
||
| 999 |
_c5522 _d5522 |
||